| 000 | 01101nam a2200289 a 4500 | ||
|---|---|---|---|
| 001 | BRCA_8776 | ||
| 005 | 20190320210415.0 | ||
| 008 | 310317s1766----sp-#######---#000-0#spa-# | ||
| 041 | _aspa | ||
| 044 | _asp | ||
| 084 |
_aBE141 _b.F54 1776 |
||
| 100 | 1 |
_aFlechier, Espíritu _cObispo de Nîmes _d1632-1710 _921349 |
|
| 245 | 1 | 0 |
_aSermones morales predicados delante del Rey _cpor ... Espiritu Flechier; traducidos al castellano por don Juan de Arribas y Soria. |
| 250 | _a2a ed. | ||
| 260 |
_aMadrid _bEn la Oficina de Antonio Fernández _c1776 |
||
| 300 |
_a[2], 302 p. _c21 x 15 cm. |
||
| 500 | _aCon privilegios | ||
| 500 | _aSe hallará en Casa de Manuel de Godos, Mercader de Libros, en las Gradas de San Felipe el Real | ||
| 500 | _aEstado físico: presenta encuadernación en pergamino | ||
| 505 | 0 | _aContenido : t.2. De los morales. -- t.6. De la obra | |
| 650 | 1 | 4 |
_aSermones _921350 |
| 700 | 1 |
_aArribas y Soria, Juan de _etr. _921869 |
|
| 700 | 1 |
_aGodos, Manuel de _emercader de libros _921870 |
|
| 700 | 1 |
_aFernández, Antonio _eImpresor _921871 |
|
| 902 | _aCFM | ||
| 942 |
_2lcc _cB |
||
| 999 |
_c8427 _d8427 |
||